[Event "Oceania-ch U20 Girls"]
[Site "Auckland"]
[Date "2019.01.09"]
[Round "4"]
[White "Ge, Eva"]
[Black "Chen, Paula"]
[Result "1-0"]
[WhiteElo "1598"]
[BlackElo "1565"]
[PlyCount "43"]
[EventDate "2019.01.08"]
[EventType "swiss"]
[EventRounds "9"]
[EventCountry "NZL"]
[SourceTitle "EXT 2021"]
[Source "ChessBase"]
[SourceDate "2020.10.23"]
[SourceVersion "1"]
[SourceVersionDate "2020.10.23"]
[SourceQuality "1"]

1. e4 e5 2. Nf3 Nc6 3. d4 exd4 4. Bc4 Nf6 5. e5 d5 6. Bb5 Nd7 7. 0-0 Be7 8. Bxc6 bxc6 9. Nxd4 Nb8 10. f4 Bc5 11. Be3 f6 12. Qh5+ g6 13. Qh6 Qe7 14. Nd2 Kf7 15. f5 Bxf5 16. Nxf5 gxf5 17. Bxc5 Qxc5+ 18. Kh1 Nd7 19. exf6 Qf8 20. Qh5+ Ke6 21. Qxf5+ Kd6 22. Ne4+ 1-0